كتاب الجمع بين رأي الحكيمين / (Record no. 14549)
[ view plain ]
| 000 -الفاتح | |
|---|---|
| حقل البيانات ثابتة الطول | 00708nam a22001697a 4500 |
| 008 - عناصر البيانات ثابتة الطول - معلومات عامة | |
| حقل البيانات ثابتة الطول | 100726s1986 xxu||||| |||| 00| 0 ara d |
| 082 ## - رقم تصنيف ديوى العشرى | |
| رقم الطبعة | 22 |
| رقم التصنيف | 184 |
| رقم المادة | ف ا ر |
| 100 1# - المدخل الرئيسى - إسم شخصى | |
| 9 (RLIN) | 16595 |
| الإسم الشخصى | الفارابي، أبو نصر محمد |
| التواريخ المصاحبة للاسم | 874-950 م |
| 245 ## - بيان العنوان | |
| العنوان | كتاب الجمع بين رأي الحكيمين / |
| بيان المسئوليه,etc | أبو النصر الفارابي ؛ قدم له وعلق عليه ألبير نصري نادر |
| 250 ## - بيان الطبعة | |
| بيان الطبعة | ط2. |
| 260 ## - PUBLICATION, DISTRIBUTION, ETC. (IMPRINT) | |
| مكان الناشر او الموزع | بيروت : |
| اسم الناشر او الموزع | دار المشرق ، |
| تاريخ النشر أو التوزيع | 1986. |
| 300 ## - الوصف المادى | |
| التعداد | 113 ص ؛ |
| أبعاد الوعاء | 24 سم. |
| 504 ## - تبصرة ببليوجرافية | |
| تبصرة ببليوجرافية,الخ | يحتوى على إرجاعات ببليوجرافية |
| 541 ## - تبصرة المصدر المباشر للتزويد | |
| مصدر التزويد | ألف باء ؛ |
| طريقة التزويد | شراء ؛ |
| 650 ## - المدخل الاضافى بالموضوع-مصطلح موضوعى | |
| 9 (RLIN) | 15854 |
| مصطلح موضوعي أو اسم جغرافي كعنصر مدخل | الفلسفة اليونانية |
| 942 ## - عناصر المدخل الإضافي( كوها) | |
| مصدر التصنيف او مخطط الترفيف | Dewey Decimal Classification |
| Koha [default] item type | Book - Borrowing |
| حالة التراجع | حالة الفقد | مصدر التصنيف او خطة الترفيف | حالة تلف | ليس للاعارة | مجموعات كوها | المكان الدائم | المكان الحالي | موقع الترفيف | تاريخ الاكتساب | Source of acquisition | رقم الاستدعاء | الباركود | Date last seen | نوع الوعاء |
|---|---|---|---|---|---|---|---|---|---|---|---|---|---|---|
| Dewey Decimal Classification | Alef-Baa | Central Library | Central Library | Lower Floor | 26/07/2010 | 184 ف ر ا | 000021609 | 15/07/2025 | Book - Borrowing |